| 000 | 00770cam a2200265 a 4500 | ||
|---|---|---|---|
| 008 | |||
| 020 | _a9781412930710 (pbk.) | ||
| 049 | _aMAIN | ||
| 090 |
_aRA427.8 _bTHE |
||
| 245 | 0 | 0 |
_aTheory and research in promoting public health / _cedited by Sarah Earle ... [et al.] |
| 260 |
_aLondon : _bSAGE, _c2007. |
||
| 300 |
_a408 p. : _bill. ; _c25 cm. |
||
| 500 | _aIncludes index. | ||
| 504 | _aIncludes bibliographical references. | ||
| 650 | 0 | _aHealth promotion. | |
| 650 | 0 | _aPublic health. | |
| 700 | _aSpurr, Sue. | ||
| 700 | _aSidell, Moyra. | ||
| 700 | _aLloyd,Cathy E. | ||
| 907 |
_a.b10289604 _b20-01-11 _c17-01-11 |
||
| 003 | |||
| 005 | 20250326131949.0 | ||
| 040 | _cNUST | ||
| 942 |
_cBOOKS _kRA427.8 _mTHE _01 |
||
| 999 |
_c116313 _d116313 |
||